Popularne numery rap/trap tygodnia 19-25.02 Spotify. - Statystyki

Ogólne statystyki
  • Ten quiz został rozwiązany 9 razy
  • Średni wynik to 23 z 30
Statystyki odpowiedzi
Wykonawca Odsłuchania Utwór % Poprawnych
Sobel 577K Alien
100%
Reto 381K Billy Kid
100%
Żabson 525K OBOK
100%
Wiatr, Sobel, Be Vis 477K Testarossa
100%
Żabson, Young Leosia, Beteo, Borucci 249K ULALA
100%
Guzior 680K BLUEBERRY
88%
Alberto 376K Dwutakt
88%
Guzior, Oskar83 561K FALA
88%
Sobel 367K Impreza
88%
Sobel 356K Kinol
88%
Kabe 382K Nad ranem
88%
Young Leosia 874K Szklanki
88%
SB Maffija 249K A nie pamiętasz jak?
75%
Qry 354K Bierz do buzi
75%
Quebonafide, Daria Zawiałow 367K BUBBLETEA
75%
Kizo, Trill Pem 437K Fitness
75%
Mata, Wyguś, Szczepan, Adam 256K GOMBAO 33
75%
Chivas, White 2115 418K Mam Na Twarzy Krew I Tym Razem Nie Jest Sztuczna
75%
Taco Hemingway 288K Polskie Tango
75%
PRO8L3M 253K V
75%
Bedoes, Lanek 276K City Boy
63%
Bedoes, Lanek 316K Doda
63%
Wac Toja 294K Kapitan
63%
Tymek, Kuba Karaś, Urbanski 275K Oczko w głowie
63%
Mata 259K Schodki
63%
Bedoes, Lanek 364K TOA$T /
63%
Favst, Gibbs, Kukon 264K halo
50%
Smolasty, Qry 244K Powiedz
50%
PRO8L3M, Brodka 254K Żar
50%
Bedoes, Lanek 252K NBP /
38%
Nie znaleziono quizów pasujących do podanych kryteriów
Rozkład punktacji
Procent ludzi z każdym wynikiem
Percentyl według liczby udzielonych odpowiedzi
Twoja historia wyników
Nie rozwiązałeś tego quizu